[Event "NRW Class1 1011"]
[Site "Germany"]
[Date "2010.10.24"]
[Round "2.4"]
[White "Richter, Christian"]
[Black "Krallmann, Matthias"]
[Result "1/2-1/2"]
[WhiteElo "2396"]
[BlackElo "2234"]
[Annotator "M.K. Gute Eröffnungen 13"]
[PlyCount "82"]
[EventDate "2010.09.26"]
[EventType "team-tourn"]
[EventRounds "9"]
[EventCountry "GER"]
[SourceTitle "EXT 2012"]
[Source "ChessBase"]
[SourceDate "2011.11.24"]
[SourceVersion "1"]
[SourceVersionDate "2011.11.24"]
[SourceQuality "1"]
[WhiteTeam "Emsdetten Turm II"]
[BlackTeam "Lippstadt Turm"]
[WhiteTeamCountry "GER"]
[BlackTeamCountry "GER"]

1. d4 Nf6 2. c4 c5 3. Nf3 cxd4 4. Nxd4 b6 5. Nc3 Bb7 6. f3 d6 7. e4 e6 8. Be2
Be7 9. Be3 O-O (9... a6 10. O-O Nbd7 11. Qd2 Qc7 12. Rfc1 Rc8 13. a4 Ba8 14. a5
bxa5 15. Nb3 Qb8 16. Nxa5 Bd8 17. b4 Bb6 18. c5 dxc5 19. Bxa6 Rd8 20. b5 Ne5
21. Qe2 Rd3 22. Nc4 $6 {[#]} Nxc4 23. Qxd3 Nxe3 24. Kh1 c4 25. Qe2 O-O 26. Na4
Bd4 27. Ra3 Qf4 28. Re1 Neg4 29. g3 Qd6 30. Ra2 Nxe4 {Richter, Christian -
Krallmann, Matthias 0-1(Beelen 2007)}) 10. O-O a6 11. Qd2 Qc7 12. Rfc1 Nbd7 13.
a4 Rac8 (13... Ne5 14. Nb3 Rac8 15. a5 bxa5 16. Nxa5 Ba8 17. Kh1 Qb8 18. Nd1
Rfd8 19. Nf2 d5 20. cxd5 Rxc1+ 21. Qxc1 exd5 22. f4 Ng6 23. e5 Ne8 $6 (23...
Ne4 24. Nxe4 d4 $11) 24. Bd4 f6 25. Nd3 Rc8 26. Qe3 Nc7 27. Bg4 Rf8 28. Bd7
fxe5 29. fxe5 Qd8 30. e6 Bg5 31. Qg3 Bh4 32. Qe3 Bg5 33. Qg3 {Richter,
Christian - Krallmann, Matthias 0,5-0,5(Beelen 2006)}) 14. a5 bxa5 15. Nb3 Qb8
16. Nxa5 Ba8 17. b4 {[#]} (17. Kh1) 17... d5 18. exd5 (18. c5 dxe4 19. Nxe4
Rfd8 (19... Nd5 20. Rab1 f5 21. Nf2 N7f6 22. Bd4 e5 23. Ba1 e4 24. Qd4 Qf4 25.
Bxa6 Rcd8 26. Qe5 Qh6 27. fxe4 fxe4 28. Re1 e3 29. Nh3 Nd7 30. Qb2 Bf6 31. Qe2
Bxa1 32. Rxa1 Ne5 33. Bc4 Nxc4 34. Qxc4 Kh8 35. c6 Nb6 36. Qc5 Nc8 37. Qxe3 Qh5
38. Qe5 Rf5 39. Qe4 Rdf8 40. Rad1 h6 41. Rd3 Na7 42. g4 Qg6 43. b5 Nxb5 44. Rg3
Rf1+ 45. Kg2 Qxe4+ 46. Rxe4 Ra1 47. Nb7 Ra2+ 48. Kh1 Na7 49. Nf4 Kh7 50. g5
Nxc6 51. gxh6 gxh6 52. Kg1 Bxb7 53. Rge3 Ba8 54. Ne6 Ne5 55. Rf4 Ra1+ 56. Kf2
Rxf4+ 57. Nxf4 Ng4+ {0-1 (57) Joksic,S (2255)-Mirumian,V (2530) Ascona 2011})
20. Qe1 Nxe4 21. fxe4 Ne5 22. Bxa6 Ng4 23. Qg3 Qxg3 24. hxg3 Nxe3 25. Bxc8 Rxc8
26. c6 Bxb4 27. c7 Bxe4 28. Ra4 Nc2 29. Rxc2 Bxa5 30. Rxe4 Rxc7 31. Ra2 Bb6+
32. Kf1 g6 33. g4 Kg7 34. Ke2 Rd7 35. Rb4 Bd4 36. Rd2 e5 37. Rc2 Kf6 38. Rbc4
Kg5 39. Rc7 Rxc7 40. Rxc7 Kxg4 41. Rxf7 h5 42. Kd3 Bg1 43. Rf3 Bh2 44. Ke4 Bg3
45. Rb3 h4 46. Rd3 Bf4 47. Rb3 Kh5 48. Kf3 g5 49. Rc3 g4+ 50. Ke4 Kg6 51. Rc6+
Kg5 52. Rc3 Kf6 53. Rc6+ Ke7 54. Rc3 Kd6 55. Kf5 h3 {1/2-1/2 (55) Kusiak,M 
(2241)-Nayhebaver,M (2428) Slovakia 2016}) 18... exd5 19. c5 Qxb4 20. Bxa6 Bxc5
$6 (20... Rxc5 21. Bxc5 Bxc5+ 22. Kh1 d4 23. Nb1 Qb8 24. Ra2 Nd5 25. Bf1 Ne3
$11) 21. Bxc8 Rxc8 22. Bxc5 Qxc5+ 23. Kh1 Re8 24. Nd1 Qe7 25. Nf2 Ne5 26. Qd4
Qd8 27. Kg1 Nfd7 28. Kh1 Qf6 29. Re1 Rc8 30. Ng4 Nxg4 31. Qxg4 Qd8 32. Rec1
Rxc1+ 33. Rxc1 h5 34. Qb4 Ne5 35. Qc5 Qg5 36. Re1 Kh7 37. Qc3 $6 {[#]} (37. Qc1
Qf5 38. Qb1 $16) 37... d4 $1 38. Qxd4 Nxf3 39. Qd3+ g6 40. gxf3 Qxa5 41. Rd1
Qg5 1/2-1/2

[Event "Rinteln Open 17"]
[Site "?"]
[Date "2017.08.20"]
[Round "4"]
[White "Lingnau, Carsten"]
[Black "Krallmann, Matthias"]
[Result "0-1"]
[WhiteElo "2421"]
[BlackElo "2134"]
[Annotator "M.K. Gute Eröffnungen 13"]
[PlyCount "92"]
[EventDate "2017.??.??"]

1. Nf3 Nf6 2. c4 c5 3. d4 cxd4 4. Nxd4 b6 5. Nc3 Bb7 6. f3 a6 7. e4 d6 8. Be3
e6 9. Be2 Nbd7 10. O-O Be7 11. a4 O-O 12. a5 bxa5 13. Nb3 Rb8 14. Nxa5 Ba8 15.
Qd2 Ne5 16. Rfc1 d5 $146 (16... Qd7 17. Na4 Bd8 18. b4 Nc6 19. Nxc6 Bxc6 20.
Nb2 Bb6 21. Nd3 Bxe4 22. c5 Bxd3 23. Bxd3 dxc5 24. bxc5 Bc7 25. Bxa6 Qc6 26.
Bd3 Rfd8 27. Qc2 Be5 28. Rab1 Qc7 29. g3 h6 30. Rxb8 Rxb8 31. Rb1 Nd5 32. Bf2
Nb4 33. Qc4 Nxd3 34. Rxb8+ Qxb8 35. Qxd3 Qb7 36. Kg2 Qc6 37. Qd8+ Kh7 38. Qb6
Qd5 39. c6 Qc4 40. Qc5 Qe2 41. c7 Bxc7 42. Qxc7 Kg8 43. Qb8+ Kh7 44. Qb7 f5 45.
Qb6 Kg6 46. Qe3 Qa2 47. Kg1 Kh7 48. Be1 Qd5 49. Kf2 Qa2+ 50. Qe2 Qb3 51. Bd2
Qc2 52. Bf4 Qc5+ 53. Kg2 Qd5 54. Bc1 Qb3 55. Bb2 Qd5 56. Bc3 Kg8 57. Qe5 Qd7
58. Bd4 Kh7 59. Kf2 Kg8 60. Qb8+ Kh7 61. Qa7 {1-0 (61) Muzychuk,A (2456)
-Bojkovic,N (2423) Zlatibor 2007}) 17. exd5 exd5 18. c5 Qc7 19. Na4 d4 20. Bxd4
Rfd8 21. b4 Nd5 22. Qb2 Bf6 23. Nb6 Nf4 24. Nxa8 Rxa8 25. Rd1 $4 {[#]} Nxe2+ $2
(25... Ned3 $3 26. Rxd3 (26. Bxd3 Bxd4+ $19) 26... Nxd3 27. Bxd3 Bxd4+ $19) 26.
Qxe2 {[#]} Ng4 $1 27. fxg4 Bxd4+ 28. Rxd4 Rxd4 29. Nc4 Qf4 30. Nd6 $4 Rd2 $4 (
30... Rxd6) 31. Qe4 Qxe4 32. Nxe4 Rd4 33. Nd6 Kf8 34. b5 Rd5 35. b6 Rxc5 36. b7
Rb8 37. Rxa6 Rc7 38. Kf2 g6 39. g5 Ke7 40. h4 Rd7 41. Nc8+ Kd8 42. Nd6 Kc7 43.
Ne4 Rxb7 44. Nf6 Rd2+ 45. Kg3 Rb3+ 46. Kh2 Rbb2 0-1

[Event "5th Asian U23 Women Blitz"]
[Site "Ashgabat TKM"]
[Date "2017.09.27"]
[Round "4.1"]
[White "Tokhirjonova, Gulrukhbegim"]
[Black "Aakanksha, Hagawane"]
[Result "0-1"]
[WhiteElo "2300"]
[BlackElo "2308"]
[Annotator "Kombiecke 36"]
[PlyCount "54"]
[EventDate "2017.09.27"]
[EventType "team-swiss (blitz)"]
[EventRounds "5"]
[EventCountry "TKM"]
[SourceTitle "The Week in Chess 1195"]
[Source "Mark Crowther"]
[SourceDate "2017.10.02"]
[SourceVersion "1"]
[SourceVersionDate "2017.10.02"]
[SourceQuality "2"]
[WhiteTeam "Uzbekistan"]
[BlackTeam "India"]
[WhiteTeamCountry "UZB"]
[BlackTeamCountry "IND"]

1. e4 e5 2. Nf3 Nc6 3. d4 exd4 4. Nxd4 Bc5 5. Nb3 Bb6 6. Nc3 d6 7. Qe2 Nf6 8.
Be3 Be6 9. O-O-O Qe7 10. f3 O-O-O 11. Bxb6 axb6 12. Nd4 Nxd4 13. Rxd4 Bd7 14.
Nb5 Qe5 15. Rb4 Bxb5 16. Rxb5 Qf4+ 17. Kb1 d5 18. g3 Qe5 19. Bh3+ Kb8 20. Qd2
Qd6 21. exd5 Nxd5 22. Qg5 f6 23. Qxg7 Nb4 24. Qh6 Nxc2 25. Qf4 Qd3 26. Rb3 {
Diagramm [#]} Na3+ 27. Ka1 Qb1+ 0-1

[Event "10th Arad Open 2017"]
[Site "Arad ROU"]
[Date "2017.08.07"]
[Round "2.27"]
[White "Moise, O."]
[Black "Petrisor, A."]
[Result "0-1"]
[WhiteElo "2134"]
[BlackElo "2372"]
[Annotator "Kombiecke 36"]
[PlyCount "38"]
[EventDate "2017.08.06"]
[EventType "swiss"]
[EventRounds "9"]
[EventCountry "ROU"]
[SourceTitle "The Week in Chess 1187"]
[Source "Mark Crowther"]
[SourceDate "2017.08.07"]
[SourceVersion "2"]
[SourceVersionDate "2017.08.15"]
[SourceQuality "2"]

1. d4 Nf6 2. c4 e6 3. Nc3 Bb4 4. Qc2 O-O 5. a3 Bxc3+ 6. Qxc3 b6 7. Bg5 Bb7 8.
Nf3 d6 9. e3 Nbd7 10. Be2 h6 11. Bh4 Qe7 12. O-O e5 13. Bxf6 Qxf6 14. b4 Rfe8
15. dxe5 Nxe5 16. Nxe5 Rxe5 17. f4 {Diagramm [#]} Rg5 18. Qxf6 Rxg2+ 19. Kh1
Rxe2+ 0-1

[Event "TCh-EUR Senior +50 2017"]
[Site "Novi Sad SRB"]
[Date "2017.06.30"]
[Round "6.4"]
[White "Garcia Palermo, C."]
[Black "Todorovic, GM."]
[Result "0-1"]
[WhiteElo "2450"]
[BlackElo "2444"]
[Annotator "Kombiecke 36"]
[PlyCount "46"]
[EventDate "2017.06.25"]
[EventType "team"]
[EventRounds "9"]
[EventCountry "SRB"]
[SourceTitle "The Week in Chess 1182"]
[Source "Mark Crowther"]
[SourceDate "2017.07.03"]
[SourceVersion "1"]
[SourceVersionDate "2017.07.03"]
[SourceQuality "2"]
[WhiteTeam "ITALY (50)"]
[BlackTeam "SERBIA (50)"]

1. d4 d5 2. c4 e6 3. Nf3 c5 4. cxd5 exd5 5. g3 Nf6 6. Bg2 Be7 7. O-O O-O 8.
dxc5 Bxc5 9. Bg5 Nc6 10. Nc3 d4 11. Ne4 Be7 12. Bxf6 Bxf6 13. b4 Nxb4 14. Nxf6+
Qxf6 15. Nxd4 Rd8 16. e3 Nc6 17. Bxc6 bxc6 18. Rc1 Bh3 19. Re1 Rd5 20. Qb3 Re8
21. Red1 Red8 22. Qa3 {Diagramm [#]} c5 23. Rxc5 Qf3 0-1

[Event "6th MTS Logistics 2017"]
[Site "Izmir TUR"]
[Date "2017.07.11"]
[Round "8.8"]
[White "Firat, B."]
[Black "Bulmaga, I."]
[Result "1-0"]
[WhiteElo "2480"]
[BlackElo "2412"]
[Annotator "Kombiecke 36"]
[PlyCount "47"]
[EventDate "2017.07.07"]
[EventType "schev"]
[EventRounds "10"]
[EventCountry "TUR"]
[SourceTitle "The Week in Chess 1184"]
[Source "Mark Crowther"]
[SourceDate "2017.07.18"]
[SourceVersion "1"]
[SourceVersionDate "2017.07.18"]
[SourceQuality "2"]
[WhiteTeam "WHITE TEAM"]
[BlackTeam "BLUE TEAM"]

1. d4 Nf6 2. c4 e6 3. Nf3 d5 4. Nc3 Be7 5. Bg5 h6 6. Bh4 O-O 7. e3 b6 8. Be2
Bb7 9. Bxf6 Bxf6 10. cxd5 exd5 11. Qb3 Re8 12. O-O a5 13. Rfe1 c6 14. Rad1 b5
15. e4 dxe4 16. Ne5 Qc7 17. Nxe4 Bxe5 18. dxe5 Rxe5 19. Qg3 Qe7 {Diagramm [#]}
20. Nf6+ Qxf6 21. Qxe5 Na6 22. Qxf6 gxf6 23. Rd7 Nc5 24. Re7 1-0

[Event "ch-IRL 2017"]
[Site "Ennis IRL"]
[Date "2017.08.05"]
[Round "8.2"]
[White "Daly, C."]
[Black "Astaneh Lopez, A."]
[Result "0-1"]
[WhiteElo "2301"]
[BlackElo "2431"]
[Annotator "Kombiecke 36"]
[PlyCount "194"]
[EventDate "2017.07.29"]
[EventType "swiss"]
[EventRounds "9"]
[EventCountry "IRL"]
[SourceTitle "The Week in Chess 1187"]
[Source "Mark Crowther"]
[SourceDate "2017.08.07"]
[SourceVersion "2"]
[SourceVersionDate "2017.08.15"]
[SourceQuality "2"]

1. Nf3 Nf6 2. d4 g6 3. Bg5 Bg7 4. c3 c5 5. e3 O-O 6. Nbd2 d5 7. Be2 Nbd7 8. O-O
h6 9. Bh4 g5 10. Bg3 Nh5 11. Be5 f6 12. Bg3 Nxg3 13. hxg3 cxd4 14. Nxd4 Nb6 15.
g4 h5 16. gxh5 e5 17. N4b3 a5 18. a4 f5 19. c4 e4 20. cxd5 Nxd5 21. Nc4 Kh8 22.
Rc1 f4 23. Nc5 Re8 24. Bg4 Bxg4 25. Qxg4 Qe7 26. Nd7 Rad8 27. Ndb6 Nb4 28. Rcd1
Nd3 29. Qf5 Rf8 30. Qxa5 f3 31. g4 Qe6 32. Qxg5 Rf6 33. Rxd3 exd3 34. Kh2 Rg8
35. Rg1 d2 36. Qd5 Qe7 37. g5 Rh6 38. Kg3 Rxh5 39. Kxf3 Rf8+ 40. Ke2 Rh2 41.
Rg2 Rxg2 42. Qxg2 Rd8 43. Nxd2 Qd6 44. Nbc4 Qd3+ 45. Ke1 Bxb2 46. Qe4 Qd7 47.
Qc2 Bg7 48. Ne4 Qf5 49. Ncd2 Rc8 50. Qb1 Qd5 51. Ke2 Rd8 52. Qc2 Qd7 53. Nf3
Rf8 54. Ned2 Ra8 55. Ne4 Rxa4 56. Kf1 Ra8 57. Kg2 Rc8 58. Qb1 b5 59. Ng3 Qc6
60. e4 Re8 61. Qh1+ Kg8 62. Qh5 Re6 63. Nf5 Qxe4 64. g6 Kf8 65. Qg5 Rf6 66.
N5h4 Qc6 67. Qg4 Ke8 68. Kg1 Qc2 69. Kg2 Qc4 70. Qh5 Qc6 71. Qg4 Kd8 72. Qd4+
Kc8 73. Qa7 Qb7 74. Qc5+ Kb8 75. Qe5+ Ka8 76. Qe8+ Qb8 77. Qe4+ Ka7 78. Nd4 Ka6
79. Ndf5 Qa7 80. Qd5 Bf8 81. f4 Qb7 82. Qxb7+ Kxb7 83. Kf3 b4 84. Nd4 Kb6 85.
Ke4 Bg7 86. f5 Rd6 87. Nhf3 Kc5 88. Ne6+ Kc4 89. Nxg7 b3 {Diagramm [#]} 90.
Ne5+ Kc3 91. Ne6 b2 92. g7 b1=Q+ 93. Kf4 Qb8 94. Nf8 Rd4+ 95. Kg5 Qxe5 96. Ne6
Qg3+ 97. Kf6 Rd5 0-1

[Event "Sachsen 1-Bremen"]
[Site "Templin"]
[Date "2017.09.30"]
[Round "6.2"]
[White "Weidlich, Günter"]
[Black "Franke, Reiner"]
[Result "0-1"]
[WhiteElo "2187"]
[BlackElo "2255"]
[Annotator "Buchal,Stephan"]
[PlyCount "58"]
[EventDate "2017.??.??"]
[WhiteTeam "Sachsen 1"]
[BlackTeam "Bremen"]

1. d4 d5 2. Nf3 Nf6 3. c4 dxc4 4. e3 Bg4 5. Bxc4 e6 6. O-O a6 7. Qe2 Nc6 8. h3
Bh5 9. Rd1 Bd6 10. Nc3 Qe7 11. g4 Bg6 12. e4 e5 13. d5 (13. dxe5 Nxe5 14. Nxe5
Bxe5 15. f4 Bxc3 16. bxc3 Bxe4 17. g5 Nd7 18. Ba3 Qxa3 19. Bxf7+ Kxf7 20. Rxd7+
Kf8 21. Qxe4) 13... Nb8 14. Kg2 Nbd7 15. Bd3 h5 16. g5 Nh7 17. h4 O-O 18. Ng1
f6 19. Nh3 Qf7 20. Rh1 Nc5 21. f3 Qd7 22. Bc2 b5 23. Nd1 Be7 24. f4 f5 25. fxe5
fxe4 26. b4 Nd3 27. Bb3 Kh8 28. e6 Qd6 29. a3 Rf3 0-1